<?xml version="1.0" encoding="UTF-8"?><?xml-stylesheet type="text/xsl" href="static/style.xsl"?><OAI-PMH xmlns="http://www.openarchives.org/OAI/2.0/" xmlns:xsi="http://www.w3.org/2001/XMLSchema-instance" xsi:schemaLocation="http://www.openarchives.org/OAI/2.0/ http://www.openarchives.org/OAI/2.0/OAI-PMH.xsd"><responseDate>2026-04-14T02:21:02Z</responseDate><request verb="GetRecord" identifier="oai:www.recercat.cat:2445/141960" metadataPrefix="marc">https://recercat.cat/oai/request</request><GetRecord><record><header><identifier>oai:recercat.cat:2445/141960</identifier><datestamp>2025-12-05T10:37:05Z</datestamp><setSpec>com_2072_1057</setSpec><setSpec>col_2072_478917</setSpec><setSpec>col_2072_478935</setSpec></header><metadata><record xmlns="http://www.loc.gov/MARC21/slim" xmlns:dcterms="http://purl.org/dc/terms/" xmlns:xsi="http://www.w3.org/2001/XMLSchema-instance" xmlns:doc="http://www.lyncode.com/xoai" xsi:schemaLocation="http://www.loc.gov/MARC21/slim http://www.loc.gov/standards/marcxml/schema/MARC21slim.xsd">
   <leader>00925njm 22002777a 4500</leader>
   <datafield ind2=" " ind1=" " tag="042">
      <subfield code="a">dc</subfield>
   </datafield>
   <datafield ind2=" " ind1=" " tag="720">
      <subfield code="a">Sabariego Puig, Marta</subfield>
      <subfield code="e">author</subfield>
   </datafield>
   <datafield ind2=" " ind1=" " tag="720">
      <subfield code="a">Sánchez Martí, Angelina</subfield>
      <subfield code="e">author</subfield>
   </datafield>
   <datafield ind2=" " ind1=" " tag="720">
      <subfield code="a">Cano-Hila, Ana Belén</subfield>
      <subfield code="e">author</subfield>
   </datafield>
   <datafield ind2=" " ind1=" " tag="260">
      <subfield code="c">2019-10-09T11:14:19Z</subfield>
   </datafield>
   <datafield ind2=" " ind1=" " tag="260">
      <subfield code="c">2019-10-09T11:14:19Z</subfield>
   </datafield>
   <datafield ind2=" " ind1=" " tag="260">
      <subfield code="c">2019-07</subfield>
   </datafield>
   <datafield ind2=" " ind1=" " tag="260">
      <subfield code="c">2019-10-09T11:14:19Z</subfield>
   </datafield>
   <datafield ind2=" " ind1=" " tag="520">
      <subfield code="a">Este estudio presenta el efecto de las metodologías narrativas para el fomento del pensamiento reflexivo en la construcción del conocimiento y el desarrollo competencial de los estudiantes de los Grados de Maestro de la Universidad de Barcelona. Se ha utilizado un método mixto con un diseño de triangulación que combina técnicas complementarias: un cuestionario sobre el pensamiento reflexivo autoadministrado a 215 alumnos/as de dos asignaturas obligatorias y grupos de discusión para profundizar en la narrativa del proceso, la vivencia y la satisfacción del aprendizaje por parte del alumnado. El tratamiento de los datos se ha llevado a cabo mediante la triangulación de técnicas estadísticas y procedimientos de análisis de datos cualitativos para la profundización secuencial de la información. Se concluye que la escritura y el relato reflexivos favorecen una relación pensante con lo que hace el estudiante, y requieren de su autorregulación y actitud proactiva en un proceso de aprendizaje participativo-guiado donde se auto-y-co-forma. El uso de actividades basadas en la reflexión también contribuye a aumentar la conciencia del sentido del aprendizaje, el esfuerzo por aprender y a valorar diferentes puntos de vista. En el plano de la enseñanza implican un cambio de enfoque hacia una docencia orientada al aprendizaje, con nuevos espacios donde el soporte y la retroalimentación integrados en la evaluación formativa cobran una gran relevancia y requieren mayor tiempo que en situaciones de enseñanza-aprendizaje tradicional.</subfield>
   </datafield>
   <datafield tag="653" ind2=" " ind1=" ">
      <subfield code="a">Pensament</subfield>
   </datafield>
   <datafield tag="653" ind2=" " ind1=" ">
      <subfield code="a">Educació superior</subfield>
   </datafield>
   <datafield tag="653" ind2=" " ind1=" ">
      <subfield code="a">Anàlisi del discurs narratiu</subfield>
   </datafield>
   <datafield tag="653" ind2=" " ind1=" ">
      <subfield code="a">Thinking</subfield>
   </datafield>
   <datafield tag="653" ind2=" " ind1=" ">
      <subfield code="a">Higher education</subfield>
   </datafield>
   <datafield tag="653" ind2=" " ind1=" ">
      <subfield code="a">Narrative discourse analysis</subfield>
   </datafield>
   <datafield ind2="0" ind1="0" tag="245">
      <subfield code="a">El pensamiento reflexivo en la educación superior: aportaciones desde las metodologías narrativas</subfield>
   </datafield>
</record></metadata></record></GetRecord></OAI-PMH>